Religión popular católica latinoamericana: dialéctica de interpretaciones (1960-1980).

Bewaard in:
Bibliografische gegevens
Hoofdauteur: Neira, Germán, S.J (autor)
Formaat: Onbekend
Taal:Engels
Gepubliceerd in: Bogotá, D.C., Colombia: Pontificia Universidad Javeriana, 2008.
Editie:Primera edición.
Reeks:Colección Libros de Investigación Vicerrectoría Académica.
Onderwerpen:
Tags: Voeg label toe
Geen labels, Wees de eerste die dit record labelt!

MARC

LEADER 00000 a2200000 4500
003 CL-VaPUC
005 20230425162651.0
008 230417t2008 ||||| |||| 00| 0 eng d
999 |c 439739  |d 439737 
020 |a 978-958-716-148-9 
040 |c Pontificia Universidad Católica de Valparaíso 
082 |2 22  |a 282.8 NEI 2008 
100 |a Neira, Germán, S.J  |9 879325  |e autor 
245 |a Religión popular católica latinoamericana:  |b dialéctica de interpretaciones (1960-1980).  
250 |a Primera edición.  
260 |a Bogotá, D.C., Colombia:  |b Pontificia Universidad Javeriana,   |c 2008. 
300 |a 210 páginas. 
490 |a Colección Libros de Investigación Vicerrectoría Académica. 
583 |k GC  |c 20230417 
600 0 |9 347616  |a Lonergan, Bernard J. F.  |v Crítica e interpretación   |x Filósofo y teólogo canadiense  
650 0 |9 257361  |a Cristianismo  |x Vida religiosa y costumbres   |z América Latina  
650 0 |9 337033  |a Religiosidad popular  |z América Latina  
942 |2 ddc  |c BK 
952 |0 0  |1 0  |2 ddc  |4 0  |6 282_800000000000000_NEI_2008  |7 0  |8 A  |9 589475  |a BIBTEO  |b BIBTEO  |c GEN  |d 2023-04-05  |e 178  |g 6009.53  |i 5656991  |o 282.8 NEI 2008  |p 5656991  |r 2024-01-18  |t 1  |v 6009.53  |w 2023-04-05  |y BK  |k ICR